Lo strano mondo di Daisy Clover : romanzo /

Guardat en:
Dades bibliogràfiques
Autor principal: Lambert, Gavin (Autor)
Altres autors: Malteca, Lilia
Format: Llibre
Idioma:italià
Publicat: Milano : Baldini & Castoldi, c1966
Col·lecció:Gli asteroidi
Etiquetes: Afegir etiqueta
Sense etiquetes, Sigues el primer a etiquetar aquest registre!

MARC

LEADER 00000nam a22000001i 4500
001 IT\ICCU\SBL\0538605
003 ItRI
005 20260115232255.0
008 910930s1966 it |||||| |||||1|||||c
015 |2 IT  |a 662675 
040 |b ita  |c importazione bologna sebina 
041 7 |a ita  |2 ISO-639-2 
082 |a 823.91  |9 NARRATIVA IN LINGUA INGLESE. SEC. 20  |2 16 
100 1 |a Lambert, Gavin  |0 IT\ICCU\SBLV\244059  |4 aut 
240 1 0 |a Inside Daisy Clover .  |3 IT\ICCU\SBL\0538606  |9 Lambert, Gavin 
245 1 3 |a Lo strano mondo di Daisy Clover :  |b romanzo /  |c Gavin Lambert. 
260 |a Milano :  |b Baldini & Castoldi,  |c c1966 
300 |a 334 p. ;  |c 20 cm 
500 |a Trad. di Lilia Maltecca. 
700 1 |a Malteca, Lilia  |0 IT\ICCU\SBLV\049630 
790 1 |a Malteca, L.  |3 IT\ICCU\CFIV\186464  |z Malteca, Lilia 
790 1 |a Maltecca, Lilli  |3 IT\ICCU\CFIV\186465  |z Malteca, Lilia 
830 4 |a Gli asteroidi  |0 IT\ICCU\SBL\0072729 
942 |2 ddc  |c BK  |n 0 
952 |0 0  |1 0  |4 0  |6 L_813_000000000000000_LAM  |7 0  |9 23376  |a BO  |b BO  |d 2026-01-15  |i 575  |l 0  |o L 813 LAM  |p BO575  |r 2026-01-15 23:22:55  |w 2026-01-15  |x [Sebina 5] [1 v.]  |y BK  |z 1 v. 
999 |c 19926  |d 19926